Statistics for Spanish Parts of the Body

Click here to take the quiz!

General Stats

  • This quiz has been taken 5 times
  • The average score is 35 of 147

Answer Stats

HintAnswer% Correct
anatomyanatomía
100%
beardbarba
100%
mustachebigote
100%
canalcanal
100%
fingerdedo
100%
foreheadfrente
100%
earlobelóbulo
100%
jawmandíbula
100%
membermiembro
100%
ovaryovario
100%
palmpalma
100%
fingernail | nailuña
100%
vaginavagina
100%
veinvena
100%
abdomenabdomen
50%
anusano
50%
forearmantebrazo
50%
ring fingeranular
50%
aortaaorta
50%
wrinklearruga
50%
waistcintura
50%
ponytailcoleta
50%
heartcorazón
50%
neckcuello
50%
toededo del pie
50%
big toededo gordo
50%
index fingerdedo índice
50%
gumencía
50%
backespalda
50%
skeletonesqueleto
50%
bangsflequillo
50%
nostrilfosa nasal
50%
geitalsgenitales
50%
liverhígado
50%
molelunar
50%
little fingermeñique
50%
buttocksnalgas
50%
knucklenudillo
50%
belly button | navelombligo
50%
eyelidpárpado
50%
freclepeca
50%
chestpecho
50%
penispene
50%
nipplepezón
50%
fistpuño
50%
pupilpupila
50%
kidneyriñón
50%
nervous systemsistema nervioso
50%
cráneoskull
50%
testicletestículo
50%
eardrumtímpano
50%
toenailuña del pie
50%
vulvavulva
50%
systemaparato
0%
appendixapéndice
0%
arteryarteria
0%
jointarticulación
0%
armpitaxila
0%
stomachbarriga
0%
spleenbazo
0%
mouthboca
0%
armbrazo
0%
haircabello
0%
headcabeza
0%
hipcadera
0%
uvulacampanilla
0%
capillarycapilar
0%
eyebrowceja
0%
braincerebro
0%
cervixcérvix
0%
goateechiva
0%
collarboneclavícula
0%
upper forelegcodillo
0%
elbowcodo
0%
corneacornéa
0%
ribcostilla
0%
scalpcuero cabelludo
0%
middle fingerdedo medio
0%
teethdentadura
0%
diaphragmdiafragma
0%
toothdiente
0%
receding hairlineentradas
0%
esophagusesófago
0%
spineespina
0%
shinespinilla
0%
pharynxfaringe
0%
throatgarganta
0%
glandglándula
0%
pituitary glandhipófisis
0%
shoulderhombro
0%
dimplehoyuelo
0%
bonehueso
0%
small intestineintestino delgado
0%
large intestineintestino grueso
0%
irisiris
0%
liplabio
0%
sidelado
0%
larynxlaringe
0%
tonguelengua
0%
ligamentligamento
0%
lower backlomo
0%
handmano
0%
uterus | wombmatriz
0%
bone marrowmédula ósea
0%
molarmuela
0%
wristmuñeca
0%
musclemúsculo
0%
thighmuslo
0%
lymph nodenódulo linfático
0%
napenuca
0%
Adam's applenuez
0%
eyeojo
0%
earoreja
0%
organórgano
0%
palatepaladar
0%
pancreaspáncreas
0%
calfpantorrilla
0%
sideburnpatillla
0%
upper legpernil
0%
footpie
0%
skinpiel
0%
legpierna
0%
buttpoto
0%
thumbpulgar
0%
lungpulmón
0%
rectumrecto
0%
kneerodilla
0%
facerostro
0%
kneecaprótula
0%
bloodsangre
0%
breast | sinusseno
0%
templesien
0%
immune systemsistema inmunitario
0%
heeltalón
0%
tendontendón
0%
thyroidtiroides
0%
ankletobillo
0%
torsotorse
0%
tracheatráquea
0%
urethrauretra
0%
gallbaddervesícula
0%
bellyvientre
0%
fingertipyema
0%

Score Distribution

Percentile by Number Answered

Percent of People with Each Score

Your Score History

You have not taken this quiz